LEADER 01280nam a2200301 u 4500 001 000000079070 003 CaOOAMICUS 005 20150908104548.0 008 040525s2003 it u000 u ita u 020 $a8872291968 035 $a10996601 040 $aPUL$bita$dPUL 100 1 $aLanza, Sergio.$0(OLS)http://pul/name/36320 245 13$aLa parrocchia in un mondo che cambia :$bSituazioni e prospettive /$cSergio Lanza. 260 $aRoma :$bOCD,$c2003. 300 $a379 p.$c20 cm 490 1 $aAppunti di teologia 500 $aBibliografia in nota. 650 4$aTeologia pastorale.$0(OLS)http://pul/subject/1301 830 0$aAppunti di teologia.$0(OLS)http://pul/title/103509 850 $aPUL 852 $aPUL$W1$xDP1 Fondo Pastorale$y55$mP6 D 87$j101271$nBK-PRI$b $qFondi$B101271$CPULBib$Z2$F101271 $HPUL93920 $81 852 $aPUL$W1$xDP1 Fondo S. Lanza$y121$m3 N 44$j168248$qFondi$q $B168845$CPULBib$Z2$F168845 $HLAN478 $81 941 1 $a1 960 $aPastorale$91301 996 $6020$a8872291968$9(OLS)http://pul/number/103757 996 $6245$aLa parrocchia in un mondo che cambia :$bSituazioni e prospettive$9(OLS)http://pul/title/103508 996 $6260$aRoma :$bOCD$9(OLS)http://pul/publisher/75548 LEADER 01143nam a2200277 a 4500 001 000000144100 003 CaOOAMICUS 005 20150615130711.0 008 150615s1990 it u000 u ita r 020 $a88-01-10150-3 040 $aPUL$bita 245 00$aAdolescenti e catechesi :$borientamenti ed esperienze. 260 $aLeumann (Torino) :$bElle Di Ci,$cİ1990. 300 $a111 p. ;$c20 cm 490 1 $aPastorale e catechesi 500 $aIn testa al front. : "Ufficio Catechistico Nazionale". 650 4$aCatechesi$zItalia.$0(OLS)http://pul/subject/25930 710 1 $aUfficio Catechistico Nazionale.$0(OLS)http://pul/name/49011 830 0$aPastorale e catechesi.$0(OLS)http://pul/title/65245 850 $aPUL 852 $aPUL$W1$xDP1 Fondo S. Lanza$y121$m3 C 21$j6836$qFondi$B166693$CPULBib$Z2$F166693 $HLan1160 $82 941 1 $a1 996 $6020$a88-01-10150-3$9(OLS)http://pul/number/157914 996 $6245$aAdolescenti e catechesi :$borientamenti ed esperienze$9(OLS)http://pul/title/182302 996 $6260$aLeumann (Torino) :$bElle Di Ci$9(OLS)http://pul/publisher/53685